Better environmental policy studies : How to design and conduct more effective analysis

This book looks at five of the most important environmental policy studies undertaken in recent decades to determine what made them successful and to devise strategies for creating successful studies in the future.

Zapisane w:
Opis bibliograficzny
1. autor: Susskind, Lawrence
Format: Książka
Język:Undetermined
Wydane: Washington, DC Island Press 2001
Hasła przedmiotowe:
Etykiety: Dodaj etykietę
Nie ma etykietki, Dołącz pierwszą etykiete!
Thư viện lưu trữ: Trung tâm Học liệu Trường Đại học Cần Thơ
LEADER 00957nam a2200241Ia 4500
001 CTU_166785
008 210402s9999 xx 000 0 und d
020 |c 30 
082 |a 363.70560973 
082 |b S964 
100 |a Susskind, Lawrence 
245 0 |a Better environmental policy studies : 
245 0 |b How to design and conduct more effective analysis 
245 0 |c Lawrence E. Susskind, Ravi K. Jain, Andrew O. Martyniuk 
260 |a Washington, DC 
260 |b Island Press 
260 |c 2001 
520 |a This book looks at five of the most important environmental policy studies undertaken in recent decades to determine what made them successful and to devise strategies for creating successful studies in the future. 
650 |a Environmental policy,Environmental policy 
650 |x Evaluation,Evaluation 
650 |z United States,United States 
904 |i lan anh 
980 |a Trung tâm Học liệu Trường Đại học Cần Thơ